000 00991cam a2200325Mi 4500
001 100272
005 20230411085707.0
008 780607s1973 ag b 000 0 spa d
010 _a 75554034
035 _a(OCoLC)ocn651378497
040 _aBNMEX
_bspa
_cBNMEX
035 _a(OCoLC)651378497
082 0 4 _a301.098
041 _aSpa
049 _aGRAL
050 1 4 _G373c 1973
100 1 _aGermani, Gino.
245 1 3 _aEl concepto de marginalidad :
_bsignificado, ráices históricas y cuestiones teóricas, con particular referencia a la marginalidad urbana /
_cGino Germani.
250 _a1. ed.
260 _aBuenos Aires :
_bEdiciones Nueva Vision,
_cc1973.
300 _a110 p. ;
_c19 cm.
490 1 _aColección fichas;
_v29
504 _aIncluye bibliografías.
650 8 _aInteracción social.
651 8 _aAmérica Latina
_xCondiciones sociales
_y1945.
830 0 _aColección fichas ;
_v29.
942 _2lcc
_cbk
946 _aCV
994 _aC0
_bDRFGD
999 _c106006
_d106006